Sectas protestantes y militares estadounidenses en el norte de Morazán
שמור ב:
| פורמט: | Texto |
|---|---|
| נושאים: | |
| תגים: |
הוספת תג
אין תגיות, היה/י הראשונ/ה לתייג את הרשומה!
|
MARC
| LEADER | 00000 a a2200000 04500 | ||
|---|---|---|---|
| 001 | 6757 | ||
| 003 | |||
| 040 | |||
| 245 | |a Sectas protestantes y militares estadounidenses en el norte de Morazán | ||
| 650 | |a VIOLENCIA | ||
| 650 | |a GUERRA CIVIL | ||
| 650 | |a AYUDA MILITAR | ||
| 650 | |a POLITICA | ||
| 650 | |a EL SALVADOR | ||
| 650 | |a ESTADOS UNIDOS | ||
| 773 | |g volumen 26, número 1193; páginas 2-3 | ||
| 999 | |c 35774 |d 35774 | ||
